Desde el espectaculo a la trivialización / (Record no. 43609)
[ view plain ]
| 000 -CABECERA | |
|---|---|
| campo de control de longitud fija | 00496nam a2200157 a 4500 |
| 001 - NÚMERO DE CONTROL | |
| campo de control | 000044120 |
| 005 - FECHA Y HORA DE LA ÚLTIMA TRANSACCIÓN | |
| campo de control | 20201002045148.0 |
| 008 - DATOS DE LONGITUD FIJA--INFORMACIÓN GENERAL | |
| campo de control de longitud fija | 140516s1961 sp 000 0 spa d |
| 040 ## - FUENTE DE LA CATALOGACIÓN | |
| Centro catalogador/agencia de origen | DO-SdBNP |
| Lengua de catalogación | spa |
| Centro/agencia transcriptor | BNPHU |
| 100 1# - ENTRADA PRINCIPAL--NOMBRE DE PERSONA | |
| Nombre de persona | Tierno Galván, Enrique |
| Fechas asociadas al nombre | 1918-1986 |
| 9 (RLIN) | 72121 |
| 245 10 - MENCIÓN DE TÍTULO | |
| Título | Desde el espectaculo a la trivialización / |
| Mención de responsabilidad, etc. | Enrique Tierno Galván. |
| 260 ## - PUBLICACIÓN, DISTRIBUCIÓN, ETC. | |
| Lugar de publicación, distribución, etc. | Madrid : |
| Nombre del editor, distribuidor, etc. | Taurus, |
| Fecha de publicación, distribución, etc. | 1961. |
| 300 ## - DESCRIPCIÓN FÍSICA | |
| Extensión | 334 p. ; |
| Dimensiones | 22 cm. |
| 490 1# - MENCIÓN DE SERIE | |
| Mención de serie | Ensayistas de hoy |
| Designación de volumen o secuencia | 25 |
| 830 #0 - PUNTO DE ACCESO ADICIONAL DE SERIE-TÍTULO UNIFORME | |
| Título uniforme | Ensayistas de hoy |
| Designación de volumen o secuencia | 25 |
| 9 (RLIN) | 72122 |
| Estado de retiro | Estado de pérdida | Restricciones de uso | No para préstamo | Código de colección | Localización permanente | Ubicación/localización actual | Ubicación en estantería | Fecha de adquisición | Número de inventario | Total de préstamos | Signatura topográfica completa | Código de barras | Fecha visto por última vez | Precio válido a partir de | Tipo de ítem Koha |
|---|---|---|---|---|---|---|---|---|---|---|---|---|---|---|---|
| Excluido de préstamo | Monografías: Libros y Folletos | General | General | Depósito | 16.05.2014 | LF1 | 44120-10 | 25.06.2020 | 25.06.2020 | No se presta |
